Devinettes IV : Jokes de papas level - Statistiques

Statistiques générales
  • Ce quiz a été pris 144 fois
  • Le résultat moyen est 3 sur 10
Statistiques - réponses
Hint Réponse % Correct
Que dit un citron quand il rentre dans une banque pour la braquer ? Plus un zeste
62%
Quel est le pays le plus cool du monde ? Le Yémen
50%
Qu’est-ce qu’une baguette avec une boussole ? Un pain perdu
48%
Qu’est-ce qu’un nem avec des écouteurs ? Un NemP3
45%
Que fait-on aux voleurs de salades ? On laitue
39%
C’est quoi un petit pois et une carotte qui se battent ensemble ? Un bon duel
37%
Quel est l'animal qui a le plus de dents ? La petite souris
21%
Qui fait un guacamole d'enfer ? L'avocat du Diable
21%
Comment appelle-t-on des squelettes qui parlent ? Des os parleurs
9%
Dans quoi peut-on trouver des poissons sportifs ? Un mare à thon
6%
Aucun quiz correspondant
Distribution des résultats
% des personnes avec chaque résultat
Percentile par nombre de réponses
Votre historique - résultats
Vous n’avez pas pris ce quiz